| 000 | 01014nam a2200205Ia 4500 | ||
|---|---|---|---|
| 001 | b5538-37072 | ||
| 003 | IT-MiCISF | ||
| 008 | 161014s9999||||xx |||||||||||||| ||und|| | ||
| 040 |
_aIT-MiCISF _cIT-MiCISF |
||
| 041 | _ait | ||
| 100 | _aNatanson Madeleine | ||
| 245 | 0 | _aIo ho bisogno dei nonni! | |
| 250 | _a1a ed. | ||
| 260 |
_a Roma _bEdizioni Magi _c2002 [Edizione originale: 1999] |
||
| 300 | _app. 170 | ||
| 500 | _a / famiglia, rapporti-nonni-nipoti, terapia-familiare, rapporti-intergenerazionali / I nonni da sempre ripresentano e rappresentano ai nipoti il passato familiare e insieme a loro sperimentano che il passaggio da una generazione all'altra non è mai una ripetizione, ma la ricerca e la scelta delle cose fondamentali da trasmettere. In questo libro, l'A. racconta e analizza questo rapporto reciproco e riflette sul perché della sua fondamentale importanza nella vita di ognuno di noi. | ||
| 650 |
_a Dinamiche familiari / famiglia _e001 |
||
| 942 | _cBK | ||
| 957 | _71 | ||
| 999 |
_a37072 _bsi _g1 _c211599 _d211599 |
||